[Event "IV Turniej Szachowy „Cztery Pory Roku” o Puchar Burmistrza Ursusa - grupa A"]
[Site "Dom Kultury "Kolorowa" Ursus ul. Sosnkowskiego 16"]
[Date "2011.??.??"]
[Round "3.7"]
[White "Suliborski, Jakub"]
[Black "Rosiak, Tomasz"]
[Result "1-0"]
[WhiteElo "1902"]
[BlackElo "1450"]
[WhiteTitle "I"]
[BlackTitle "II"]

1.e4 c6 2.c4 d5 3.cxd5 cxd5 4.exd5 Nf6 5.Qa4+ Nbd7 6.Nc3 b6 7.Bb5 Bb7 8.
Nf3 Qc7 9.d4 a6 10.Bxd7+ Nxd7 11.Be3 b5 12.Qb3 Nf6 13.Rc1 Qd6 14.Ne5 Rc8 
15.O-O g6 16.Nxb5 axb5 17.Qxb5+ Kd8 18.Nxf7# 1-0

[Event "IV Turniej Szachowy „Cztery Pory Roku” o Puchar Burmistrza Ursusa - grupa A"]
[Site "Dom Kultury "Kolorowa" Ursus ul. Sosnkowskiego 16"]
[Date "2011.??.??"]
[Round "3.8"]
[White "Powalka, Michal"]
[Black "Ciechonski, Piotr"]
[Result "0-1"]
[WhiteElo "1423"]
[BlackElo "1888"]
[WhiteTitle "II"]
[BlackTitle "I"]

1.d4 c5 2.d5 d6 3.c4 e6 4.Nc3 exd5 5.cxd5 Nf6 6.e4 g6 7.Be3 Bg7 8.Be2 O-O 
9.Nf3 a6 10.a4 Qc7 11.Nd2 Nbd7 12.O-O Ne5 13.Nc4 Nxc4 14.Bxc4 Ng4 15.Bf4 
f5 16.f3 Bd4+ 17.Kh1 Ne5 18.Bxe5 Bxe5 19.f4 Bxc3 20.bxc3 fxe4 21.Qe2 Re8 
22.Bd3 Qf7 23.Bc4 Bd7 24.Bb3 Re7 25.c4 Rae8 26.h3 Qf6 27.Bc2 Qc3 28.Rab1 
Bc8 29.Rb3 Qf6 30.Re3 Kg7 31.a5 Qh4 32.Ba4 Rf8 33.Rxe4 Ref7 34.Qf2 Qxf2 
35.Rxf2 g5 36.Bc2 Rxf4 37.Rfxf4 Rxf4 38.Re7+ Rf7 39.Rxf7+ Kxf7 40.Kg1 h6 
41.Kf2 Kf6 42.Ke3 Ke5 43.Bd3 Bf5 44.Bxf5 Kxf5 45.g3 h5 46.Kf3 Kg6 47.Ke4 
Kf6 48.h4 Kg6 49.Ke3 Kf5 50.Kf3 Ke5 51.Ke3 Kf6 52.Ke4 gxh4 53.gxh4 Ke7 54.
Kf5 Kd7 55.Kg5 b6 56.Kxh5 bxa5 57.Kg6 a4 58.h5 a3 59.h6 a2 60.h7 a1=Q 0-1

[Event "IV Turniej Szachowy „Cztery Pory Roku” o Puchar Burmistrza Ursusa - grupa A"]
[Site "Dom Kultury "Kolorowa" Ursus ul. Sosnkowskiego 16"]
[Date "2011.??.??"]
[Round "3.9"]
[White "Winiarski, Mikolaj"]
[Black "Mincewicz, Tomasz"]
[Result "1-0"]
[WhiteElo "1857"]
[BlackElo "1386"]
[WhiteTitle "I"]
[BlackTitle "III"]

1.d4 Nf6 2.e3 e6 3.Bd3 d5 4.Nd2 Be7 5.f4 c5 6.c3 Nc6 7.Ngf3 cxd4 8.exd4 
O-O 9.O-O Ng4 10.Qe2 f5 11.Ne5 Ngxe5 12.fxe5 Bd7 13.Nf3 a6 14.Bd2 b5 15.
Kh1 Na5 16.Rg1 g5 17.g4 f4 18.h4 Be8 19.hxg5 Bxg5 20.b3 Rc8 21.Rg2 h6 22.
Rh2 Rf7 23.Nxg5 hxg5 24.Rh6 Qb6 25.Qh2 Kf8 26.Bf5 Bd7 27.Bxf4 Rxc3 28.Rh8+
Ke7 29.Bxg5+ 1-0

[Event "IV Turniej Szachowy „Cztery Pory Roku” o Puchar Burmistrza Ursusa - grupa A"]
[Site "Dom Kultury "Kolorowa" Ursus ul. Sosnkowskiego 16"]
[Date "2011.??.??"]
[Round "3.11"]
[White "Ogonowski, Jakub"]
[Black "Wrzesinski, Gustaw"]
[Result "1-0"]
[WhiteElo "1725"]
[BlackElo "1342"]
[WhiteTitle "II"]
[BlackTitle "III"]

1.e4 e5 2.f4 d6 3.Nf3 Nc6 4.Bc4 Be7 5.O-O Nf6 6.Nc3 O-O 7.f5 Na5 8.Be2 Re8
9.Ne1 d5 10.exd5 Nxd5 11.Ne4 Nc6 12.Bc4 Nd4 13.Qh5 Rf8 14.Bxd5 Qxd5 15.f6 
Qxe4 16.fxe7 Ne2+ 17.Kh1 Nf4 18.exf8=Q+ Kxf8 19.Qf3 Qxf3 20.Nxf3 Bf5 21.d3
1-0

[Event "IV Turniej Szachowy „Cztery Pory Roku” o Puchar Burmistrza Ursusa - grupa A"]
[Site "Dom Kultury "Kolorowa" Ursus ul. Sosnkowskiego 16"]
[Date "2011.??.??"]
[Round "3.14"]
[White "Reda, Patrycja"]
[Black "Stezycka, Paulina"]
[Result "1/2-1/2"]
[WhiteElo "1345"]
[BlackElo "1571"]
[WhiteTitle "II"]
[BlackTitle "II+"]

1.e4 e5 2.Nf3 Nc6 3.Bc4 Nf6 4.d3 Be7 5.Nc3 d6 6.Be3 Bg4 7.O-O Na5 8.Bb3 
Nxb3 9.axb3 c6 10.Re1 O-O 11.Qe2 Nd7 12.h3 Bh5 13.Red1 Bg6 14.d4 Qc7 15.
dxe5 Nxe5 16.Nxe5 dxe5 17.Rd2 b6 18.Rad1 Rfd8 19.Rxd8+ Rxd8 20.Rxd8+ Qxd8 
21.Qc4 Qd7 22.b4 b5 23.Qb3 Bd6 24.Qa3 1/2-1/2

[Event "IV Turniej Szachowy „Cztery Pory Roku” o Puchar Burmistrza Ursusa - grupa A"]
[Site "Dom Kultury "Kolorowa" Ursus ul. Sosnkowskiego 16"]
[Date "2011.??.??"]
[Round "4.1"]
[White "Strzemiecki, Zbigniew"]
[Black "Janczarski, Michal"]
[Result "1-0"]
[WhiteElo "2422"]
[BlackElo "2331"]
[WhiteTitle "FM"]
[BlackTitle "k++"]

1.e4 g6 2.d4 Bg7 3.c4 d6 4.Nc3 Nc6 5.d5 Nd4 6.Be3 e5 7.Nge2 Nxe2 8.Bxe2 f5
9.exf5 gxf5 10.f4 e4 11.Kd2 c5 12.Bh5+ Kf8 13.g4 Ne7 14.g5 b5 15.Nxb5 Bxb2
16.Rb1 Bg7 17.Qa4 h6 18.h4 hxg5 19.hxg5 a6 20.Nxd6 Rxh5 21.Rxh5 Qxd6 22.
Qa5 Rb8 23.Rb3 Rxb3 24.axb3 Qb8 25.Qd8+ Kf7 26.g6+ 1-0

[Event "IV Turniej Szachowy „Cztery Pory Roku” o Puchar Burmistrza Ursusa - grupa A"]
[Site "Dom Kultury "Kolorowa" Ursus ul. Sosnkowskiego 16"]
[Date "2011.??.??"]
[Round "4.2"]
[White "Nowicki, Bartosz"]
[Black "Jarmula, Lukasz"]
[Result "0-1"]
[WhiteElo "2138"]
[BlackElo "1871"]
[WhiteTitle "k"]
[BlackTitle "I"]

1.e4 c5 2.Nf3 d6 3.d4 cxd4 4.Nxd4 Nf6 5.Nc3 a6 6.Bg5 e6 7.f4 h6 8.Bh4 Qb6 
9.Qd2 Qxb2 10.Nb3 Qa3 11.Bxf6 gxf6 12.Be2 Nc6 13.O-O Bd7 14.Bh5 Bg7 15.Rf3
O-O 16.Rg3 Kh8 17.Rd1 d5 18.exd5 exd5 19.Nxd5 Be6 20.Ne3 Rad8 21.Qf2 Rxd1+
22.Bxd1 Qxa2 23.Nc5 f5 24.Qf3 Qa5 25.Nd3 Nb4 26.Nxb4 Qxb4 27.Be2 Qb1+ 28.
Bf1 a5 29.c4 a4 30.Nd5 Bd4+ 31.Kh1 Bxd5 32.cxd5 a3 33.Rh3 Bg7 34.Rxh6+ 
Bxh6 35.Qc3+ Bg7 36.Qh3+ Kg8 37.Qh8+ 0-1

[Event "IV Turniej Szachowy „Cztery Pory Roku” o Puchar Burmistrza Ursusa - grupa A"]
[Site "Dom Kultury "Kolorowa" Ursus ul. Sosnkowskiego 16"]
[Date "2011.??.??"]
[Round "4.3"]
[White "Grochulski, Grzegorz"]
[Black "Brudzinski, Maciej"]
[Result "0-1"]
[WhiteElo "2057"]
[BlackElo "1879"]
[WhiteTitle "I"]
[BlackTitle "I+"]

1.e4 d6 2.d4 Nf6 3.Nc3 Nbd7 4.g4 h6 5.Bg2 e5 6.Be3 c6 7.h3 Be7 8.Nge2 Qa5 
9.O-O Nf8 10.f4 Ng6 11.f5 Nh4 12.Bh1 g5 13.fxg6 Nxg6 14.Qd2 exd4 15.Nxd4 
Qe5 16.Nde2 Rg8 17.Bd4 Qe6 18.Bg2 h5 19.g5 Nh7 20.Be3 Qe5 21.Qd4 Nxg5 22.
Qxe5 dxe5 23.Kh2 Nh4 24.Bxg5 Bxg5 25.Bf3 Nxf3+ 26.Rxf3 h4 27.Nd1 Be6 28.
Nf2 O-O-O 29.Nd3 f6 30.b3 Rg7 31.Rg1 Bg8 32.Nc3 Bh7 33.Rg2 b6 34.Rf1 Rd4 
35.Re2 Bg6 36.Rg1 Bh5 37.Ree1 Re7 38.Rg2 a6 39.a3 Kb7 40.Kg1 Be8 41.Kh2 
Bd7 42.a4 a5 43.Rf1 Kc7 44.Re1 Bc8 45.Rd1 Red7 46.Rgg1 Ba6 47.Nb2 Rd2+ 48.
Rg2 Bf4+ 49.Kh1 Rxd1+ 50.Nbxd1 Bf1 51.Rg4 Bg3 52.Rg6 Rf7 53.Ne3 Bxh3 54.
Ne2 Be1 55.Nf5 Bxf5 56.exf5 Kd6 57.Ng1 e4 58.Rh6 Ke5 59.Rh5 Rd7 60.Kg2 
Rd2+ 61.Kf1 Bg3 62.Ne2 Rxc2 63.Rh8 Rd2 64.Rc8 Rd6 65.Rb8 c5 66.Nc3 Kxf5 
67.Re8 Rd4 68.Nb5 Rd1+ 69.Ke2 Re1+ 70.Kd2 Kf4 71.Rg8 e3+ 72.Kc2 Kf3 73.Nc3
Be5 74.Nd5 e2 75.b4 axb4 76.a5 bxa5 77.Kb3 Rb1+ 78.Kc4 Rc1+ 0-1

[Event "IV Turniej Szachowy „Cztery Pory Roku” o Puchar Burmistrza Ursusa - grupa A"]
[Site "Dom Kultury "Kolorowa" Ursus ul. Sosnkowskiego 16"]
[Date "2011.??.??"]
[Round "4.4"]
[White "Lewandrowski, Tomasz"]
[Black "Borowicz, Przemyslaw"]
[Result "0-1"]
[WhiteElo "1835"]
[BlackElo "2005"]
[WhiteTitle "II+"]
[BlackTitle "I++"]

1.d4 d5 2.Nf3 Nf6 3.c4 c6 4.Nc3 e6 5.e3 Nbd7 6.Qc2 Bd6 7.g4 h6 8.Rg1 e5 9.
e4 dxe4 10.Nxe5 Bxe5 11.dxe5 Nxe5 12.Be2 Bxg4 13.Nxe4 Bxe2 14.Nxf6+ Qxf6 
15.Qxe2 O-O-O 16.Rg3 Qe6 17.Re3 Nd3+ 18.Kf1 Qxc4 19.b3 Qd5 20.Qf3 Nb4 21.
Bb2 Nc2 22.Qxd5 Nxe3+ 23.fxe3 Rxd5 24.Bxg7 Rh7 25.Bd4 b6 0-1

[Event "IV Turniej Szachowy „Cztery Pory Roku” o Puchar Burmistrza Ursusa - grupa A"]
[Site "Dom Kultury "Kolorowa" Ursus ul. Sosnkowskiego 16"]
[Date "2011.??.??"]
[Round "4.5"]
[White "Eggink, Mateusz"]
[Black "Winiarski, Mikolaj"]
[Result "1-0"]
[WhiteElo "1973"]
[BlackElo "1857"]
[WhiteTitle "II+"]
[BlackTitle "I"]

1.e4 c5 2.Nf3 Nc6 3.d4 cxd4 4.Nxd4 Nf6 5.Nc3 e6 6.Ndb5 d6 7.Bf4 e5 8.Bg5 
a6 9.Na3 b5 10.Nd5 Be7 11.Bxf6 Bxf6 12.c3 O-O 13.Nc2 Be6 14.a4 bxa4 15.
Rxa4 a5 16.Nce3 Bg5 17.Bd3 g6 18.O-O Bh6 19.Qe2 f5 20.exf5 gxf5 21.Qh5 Qg5
22.Qxg5+ Bxg5 23.Nc7 Bb3 24.Ra3 Rab8 25.Rxb3 1-0

[Event "IV Turniej Szachowy „Cztery Pory Roku” o Puchar Burmistrza Ursusa - grupa A"]
[Site "Dom Kultury "Kolorowa" Ursus ul. Sosnkowskiego 16"]
[Date "2011.??.??"]
[Round "4.6"]
[White "Kaminska, Paulina"]
[Black "Ogonowski, Jakub"]
[Result "1-0"]
[WhiteElo "1914"]
[BlackElo "1725"]
[WhiteTitle "k"]
[BlackTitle "II"]

1.e4 c5 2.Nf3 d6 3.d4 cxd4 4.Nxd4 Nf6 5.Nc3 a6 6.Be2 e5 7.Nb3 b5 8.Nd5 
Nbd7 9.Bg5 Bb7 10.c4 bxc4 11.Bxc4 Be7 12.Nxe7 Qxe7 13.f3 h6 14.Bd2 O-O 15.
Na5 Nb6 16.Bb3 d5 17.Nxb7 Qxb7 18.exd5 Nbxd5 19.O-O Rfd8 20.Qe2 Qb6+ 21.
Kh1 Nf4 22.Bxf4 exf4 23.Qc4 Nd5 24.Rfd1 Rac8 25.Qe4 Nf6 26.Qxf4 Qf2 27.
Rxd8+ Rxd8 28.Qc4 Re8 29.Qf1 Qxb2 30.Bc4 a5 31.h3 Nh5 32.Kh2 Qe5+ 33.f4 
Nxf4 34.g3 Qb2+ 35.Kh1 Qb7+ 36.Kh2 Qb2+ 37.Kh1 Re2 38.Bxe2 Nxe2 39.Rb1 
Nxg3+ 40.Kg1 Qxa2 41.Rb8+ Kh7 42.Qd3+ g6 43.Qxg3 a4 44.Qc3 g5 45.Qb2 Qe6 
46.Qc2+ Kg7 47.Qc3+ Kg6 48.Qd3+ Kh5 49.Rb1 f5 50.Kf2 f4 51.Qe2+ Qxe2+ 52.
Kxe2 Kh4 53.Kf3 h5 54.Ra1 a3 55.Rg1 a2 56.Ra1 g4+ 57.hxg4 hxg4+ 58.Kxf4 
Kh3 59.Rxa2 g3 60.Ra3 1-0

[Event "IV Turniej Szachowy „Cztery Pory Roku” o Puchar Burmistrza Ursusa - grupa A"]
[Site "Dom Kultury "Kolorowa" Ursus ul. Sosnkowskiego 16"]
[Date "2011.??.??"]
[Round "4.7"]
[White "Ciechonski, Piotr"]
[Black "Suliborski, Jakub"]
[Result "1-0"]
[WhiteElo "1888"]
[BlackElo "1902"]
[WhiteTitle "I"]
[BlackTitle "I"]

1.e4 e5 2.d4 exd4 3.c3 d3 4.Bxd3 Nc6 5.f4 Bc5 6.Nf3 d6 7.Nbd2 Qe7 8.Qe2 
Bg4 9.h3 Bxf3 10.Nxf3 Bb6 11.Bd2 O-O-O 12.O-O-O Nf6 13.g4 Rhe8 14.Rhe1 a5 
15.Kb1 Kb8 16.Bc1 Nd7 17.Bc2 Nc5 18.Nd4 a4 19.Nxc6+ bxc6 20.Qf3 Kb7 21.g5 
f5 22.e5 g6 23.h4 d5 24.h5 a3 25.b4 Ne4 26.Bxa3 Qe6 27.hxg6 hxg6 28.Bb2 
Rh8 29.Rh1 Rxh1 30.Qxh1 Nf2 31.Qf3 Nxd1 32.Bxd1 Rh8 33.a4 Rh2 34.Bb3 Rf2 
35.Qd3 Rxf4 36.b5 Qxe5 37.bxc6+ Ka7 38.Qb5 Rf2 39.a5 Qe1+ 40.Ka2 Qe2 41.
axb6+ cxb6 42.Qxe2 Rxe2 43.Bxd5 Kb8 44.Kb3 Kc7 45.c4 Re3+ 46.Kb4 f4 47.Bc1
1-0

[Event "IV Turniej Szachowy „Cztery Pory Roku” o Puchar Burmistrza Ursusa - grupa A"]
[Site "Dom Kultury "Kolorowa" Ursus ul. Sosnkowskiego 16"]
[Date "2011.??.??"]
[Round "4.8"]
[White "Jarmula, Pawel"]
[Black "Praczukowski, Stanislaw"]
[Result "1/2-1/2"]
[WhiteElo "2081"]
[BlackElo "1628"]
[WhiteTitle "I"]
[BlackTitle "II"]

1.e4 c6 2.d4 d5 3.e5 Bf5 4.Nd2 e6 5.Nb3 Nd7 6.Be3 Ne7 7.Nf3 Bg4 8.Be2 Nf5 
9.O-O Nxe3 10.fxe3 Be7 11.h3 Bh5 12.Nfd2 Bg6 13.Bh5 Bg5 14.Bxg6 hxg6 15.
Qe2 Qc7 16.e4 Bxd2 17.Nxd2 Qb6 18.Nb3 dxe4 19.Qxe4 Rh5 20.Kh1 Qb5 21.Rf3 
Qd5 22.Qd3 c5 23.c4 Qc6 24.d5 Qc7 25.Rxf7 Kxf7 26.dxe6+ Kg8 27.Qxg6 Qxe5 
28.Qf7+ Kh7 29.Qxd7 Rxh3+ 30.gxh3 Qe4+ 31.Kg1 Qe3+ 32.Kg2 Qe2+ 33.Kg1 Qe3+
1/2-1/2

[Event "IV Turniej Szachowy „Cztery Pory Roku” o Puchar Burmistrza Ursusa - grupa A"]
[Site "Dom Kultury "Kolorowa" Ursus ul. Sosnkowskiego 16"]
[Date "2011.??.??"]
[Round "4.9"]
[White "Rogalski, Krzysztof"]
[Black "Mantaev, Ruslan"]
[Result "1-0"]
[WhiteElo "1919"]
[BlackElo "1271"]
[WhiteTitle "I"]
[BlackTitle "III"]

1.d4 d5 2.c4 e6 3.Nf3 Nf6 4.Nc3 Nc6 5.Bg5 Be7 6.e3 Ne4 7.Nxe4 dxe4 8.Bxe7 
Qxe7 9.Nd2 f5 10.Be2 O-O 11.O-O Qg5 12.Re1 b6 13.a3 Bb7 14.Rc1 Ne7 15.Bf1 
Rf6 16.g3 h5 17.h4 Qh6 18.Be2 g6 19.f4 Rff8 20.b4 Kf7 21.Qa4 Bc6 22.b5 Bb7
23.Qc2 Rfc8 24.Qb2 c5 25.dxc5 Rxc5 26.Nb3 Rcc8 27.Red1 Rd8 28.a4 Qf8 29.
Qe5 Rac8 30.Nd4 Kg8 31.Nxe6 Rxd1+ 32.Rxd1 Qf7 33.Rd7 Ba8 34.Ng5 Qe8 35.
Qxe7 1-0

[Event "IV Turniej Szachowy „Cztery Pory Roku” o Puchar Burmistrza Ursusa - grupa A"]
[Site "Dom Kultury "Kolorowa" Ursus ul. Sosnkowskiego 16"]
[Date "2011.??.??"]
[Round "4.10"]
[White "Wrzesinski, Gustaw"]
[Black "Fraczek, Lukasz"]
[Result "0-1"]
[WhiteElo "1342"]
[BlackElo "1503"]
[WhiteTitle "III"]
[BlackTitle "III"]

1.d4 d5 2.c4 e5 3.dxe5 d4 4.Nf3 Nc6 5.e3 Bb4+ 6.Bd2 dxe3 7.fxe3 Bxd2+ 8.
Qxd2 Qxd2+ 9.Nbxd2 Nge7 10.Bd3 Bf5 11.e4 Be6 12.O-O Ng6 13.Be2 Ngxe5 14.
Ng5 O-O-O 15.Ndf3 Nxf3+ 16.Rxf3 Nd4 17.Rf2 Nxe2+ 18.Rxe2 Bxc4 19.Rc2 h6 
20.Rxc4 hxg5 21.Rf1 f6 22.Rfc1 Rd7 23.Re1 Rhd8 24.Rcc1 Rd2 25.Rb1 Rc2 26.
a3 Rdd2 27.e5 Rxg2+ 28.Kh1 Rxh2+ 29.Kg1 fxe5 30.Rxe5 Rhg2+ 31.Kh1 Rxb2 32.
Rd1 b6 33.Re8+ Kb7 34.Rc1 Rbc2 0-1

[Event "IV Turniej Szachowy „Cztery Pory Roku” o Puchar Burmistrza Ursusa - grupa A"]
[Site "Dom Kultury "Kolorowa" Ursus ul. Sosnkowskiego 16"]
[Date "2011.??.??"]
[Round "5.1"]
[White "Jarmula, Lukasz"]
[Black "Strzemiecki, Zbigniew"]
[Result "0-1"]
[WhiteElo "1871"]
[BlackElo "2422"]
[WhiteTitle "I"]
[BlackTitle "FM"]

1.e4 e6 2.d4 d5 3.Nc3 Nf6 4.Bg5 dxe4 5.Nxe4 Be7 6.Bxf6 gxf6 7.Nf3 f5 8.Nc3
a6 9.Ne5 Nd7 10.Be2 Nxe5 11.dxe5 Qxd1+ 12.Rxd1 Bd7 13.Bf3 O-O-O 14.O-O f6 
15.exf6 Bxf6 16.Rfe1 Bg7 17.g3 e5 18.Bg2 Rhe8 19.Bh3 Be6 20.Rxd8+ Kxd8 21.
Na4 b6 22.Bf1 Bc8 23.Bg2 e4 24.Nc3 Be6 25.g4 fxg4 26.Bxe4 Bd7 27.Kf1 h5 
28.Bg6 Rxe1+ 29.Kxe1 h4 30.Kf1 Ke7 31.Nd5+ Kd6 32.Ne3 Ke5 33.Bh5 Kf4 34.
Nd5+ Kg5 35.Bf7 Bxb2 36.Nxc7 Be5 37.Nd5 Bxh2 38.Nxb6 Bf5 39.c4 h3 40.Bd5 
Bd3+ 41.Ke1 Bc7 42.Na4 h2 43.Nb2 Ba5+ 44.Kd1 Bf1 45.Kc2 Be2 0-1

[Event "IV Turniej Szachowy „Cztery Pory Roku” o Puchar Burmistrza Ursusa - grupa A"]
[Site "Dom Kultury "Kolorowa" Ursus ul. Sosnkowskiego 16"]
[Date "2011.??.??"]
[Round "5.2"]
[White "Brudzinski, Maciej"]
[Black "Eggink, Mateusz"]
[Result "1-0"]
[WhiteElo "1879"]
[BlackElo "1973"]
[WhiteTitle "I+"]
[BlackTitle "II+"]

1.Nf3 d5 2.g3 Nf6 3.Bg2 e6 4.d3 c5 5.Nbd2 Nc6 6.e4 Be7 7.O-O O-O 8.e5 Nd7 
9.Re1 Qc7 10.Qe2 b5 11.Nf1 a5 12.Bf4 Ba6 13.Ne3 Nb6 14.Ng4 Qd7 15.h4 d4 
16.Ng5 Bb7 17.Ne4 Nd5 18.Bg5 Rac8 19.Ngf6+ gxf6 20.exf6 e5 21.Kh2 Nxf6 22.
Bxf6 Rfd8 23.Bh3 Qc7 24.Qg4+ Kf8 25.Bg7+ Ke8 26.Bh6 1-0

[Event "IV Turniej Szachowy „Cztery Pory Roku” o Puchar Burmistrza Ursusa - grupa A"]
[Site "Dom Kultury "Kolorowa" Ursus ul. Sosnkowskiego 16"]
[Date "2011.??.??"]
[Round "5.3"]
[White "Janczarski, Michal"]
[Black "Ciechonski, Piotr"]
[Result "1-0"]
[WhiteElo "2331"]
[BlackElo "1888"]
[WhiteTitle "k++"]
[BlackTitle "I"]

1.c4 e5 2.g3 Nf6 3.Bg2 d5 4.cxd5 Nxd5 5.Nf3 Nc6 6.O-O Be6 7.d4 exd4 8.Nxd4
Nxd4 9.Qxd4 c6 10.a3 Qf6 11.Qa4 Be7 12.e4 Nb6 13.Qc2 O-O 14.f4 Qd4+ 15.Kh1
Rad8 16.Nc3 Qd3 17.Qf2 Bb3 18.Re1 Qd6 19.e5 Qc7 20.f5 f6 21.e6 Rfe8 22.Ne4
Bd6 23.Nxd6 Qxd6 24.Bf4 Qe7 25.Be3 Qc7 26.Bc5 Bd5 27.Qe2 Bxg2+ 28.Kxg2 Nd5
29.e7 Nxe7 30.Bxe7 Rd7 31.Qc4+ Rd5 32.Bb4 Re5 33.Rad1 Rxf5 34.Rxd5 Rxd5 
35.Re8+ Kf7 36.Re7+ Qxe7 37.Bxe7 Kxe7 38.Qb4+ 1-0

[Event "IV Turniej Szachowy „Cztery Pory Roku” o Puchar Burmistrza Ursusa - grupa A"]
[Site "Dom Kultury "Kolorowa" Ursus ul. Sosnkowskiego 16"]
[Date "2011.??.??"]
[Round "5.4"]
[White "Borowicz, Przemyslaw"]
[Black "Kaminska, Paulina"]
[Result "0-1"]
[WhiteElo "2005"]
[BlackElo "1914"]
[WhiteTitle "I++"]
[BlackTitle "k"]

1.d4 d5 2.c4 e6 3.Nc3 c6 4.Nf3 f5 5.g3 Nf6 6.Bg2 Bd6 7.O-O Nbd7 8.Qc2 Ne4 
9.cxd5 exd5 10.Bh3 Ndf6 11.Ng5 O-O 12.Ngxe4 fxe4 13.Bxc8 Qxc8 14.Kg2 Qg4 
15.Be3 Qg6 16.Qd2 Nh5 17.Qe1 Rae8 18.Nd1 Nf4+ 19.Bxf4 Bxf4 20.Qc3 h5 21.
Kh1 Bd6 22.Ne3 h4 23.gxh4 Qh5 24.Ng2 Qxe2 25.Qe3 Qg4 26.Rg1 Bxh2 27.Kxh2 
Rf3 28.Rge1 Rxe3 29.fxe3 Rf8 30.Kg1 Rf3 31.Re2 Rg3 32.Rae1 Qxh4 33.b4 Rg6 
34.Rf1 Qg3 35.Rf4 Rh6 36.Re1 Qh2+ 37.Kf2 Rg6 38.Rg1 Rg3 39.Kf1 Rf3+ 40.
Rxf3 exf3 41.Nf4 Qd2 42.Rg4 f2 0-1

[Event "IV Turniej Szachowy „Cztery Pory Roku” o Puchar Burmistrza Ursusa - grupa A"]
[Site "Dom Kultury "Kolorowa" Ursus ul. Sosnkowskiego 16"]
[Date "2011.??.??"]
[Round "5.5"]
[White "Praczukowski, Stanislaw"]
[Black "Nowicki, Bartosz"]
[Result "0-1"]
[WhiteElo "1628"]
[BlackElo "2138"]
[WhiteTitle "II"]
[BlackTitle "k"]

1.d4 f5 2.g3 Nf6 3.Nf3 e6 4.Bg2 d5 5.O-O Bd6 6.c4 c6 7.Nc3 O-O 8.Qc2 Qe7 
9.Bg5 Bd7 10.c5 Bc7 11.b4 h6 12.Bf4 Bxf4 13.gxf4 Be8 14.Rab1 Ne4 15.e3 
Nxc3 16.Qxc3 a6 17.a4 g5 18.fxg5 hxg5 19.Ne5 Nd7 20.f4 Nxe5 21.fxe5 Rf7 
22.b5 cxb5 23.axb5 Bxb5 24.Rxb5 axb5 25.Rb1 Rh7 26.Rxb5 g4 27.Qb2 Qh4 28.
Bf1 Ra7 29.c6 bxc6 30.Rb8+ Kg7 31.Rb7+ Rxb7 32.Qxb7+ Kg6 33.Qb2 Qe1 34.Qb8
Qxe3+ 35.Kh1 Qe4+ 36.Kg1 Qxd4+ 37.Kh1 Qe4+ 38.Kg1 Qe3+ 39.Kh1 Qh6 40.Qg8+ 
Kh5 41.h3 Qg6 0-1

[Event "IV Turniej Szachowy „Cztery Pory Roku” o Puchar Burmistrza Ursusa - grupa A"]
[Site "Dom Kultury "Kolorowa" Ursus ul. Sosnkowskiego 16"]
[Date "2011.??.??"]
[Round "5.6"]
[White "Ogonowski, Jakub"]
[Black "Jarmula, Pawel"]
[Result "0-1"]
[WhiteElo "1725"]
[BlackElo "2081"]
[WhiteTitle "II"]
[BlackTitle "I"]

1.e4 c5 2.Nf3 d6 3.d4 cxd4 4.Nxd4 Nf6 5.Nc3 a6 6.Bg5 e6 7.f4 h6 8.Bh4 Be7 
9.Qf3 Nbd7 10.Bc4 g5 11.fxg5 Ne5 12.Qe2 Nfg4 13.h3 hxg5 14.Bg3 Qc7 15.
O-O-O Nf6 16.Bxe5 dxe5 17.Nf3 Nh5 18.Rhe1 Bd7 19.Bb3 Nf4 20.Qf1 O-O-O 21.
Na4 Bb5 22.c4 Bxa4 23.Bxa4 Bb4 24.Rxd8+ Rxd8 25.Rd1 Rxd1+ 26.Kxd1 Qa5 27.
b3 Qb6 28.g3 Nh5 29.Qd3 Nxg3 30.Nxe5 Qg1+ 31.Kc2 Qf2+ 32.Kd1 Qg1+ 33.Kc2 
Qg2+ 34.Kd1 Qh1+ 35.Kc2 Qxe4 36.Qxe4 Nxe4 37.Nxf7 Kc7 38.Be8 Be7 39.Ne5 
Nf2 40.Bh5 Kd6 41.Nf7+ Kc5 42.Bg4 Nxg4 43.hxg4 Kd4 44.Nh6 Ke5 45.Ng8 Bd8 
46.Kd3 Kf4 47.Nh6 e5 48.c5 Kf3 49.Nf7 e4+ 50.Kd2 e3+ 0-1

[Event "IV Turniej Szachowy „Cztery Pory Roku” o Puchar Burmistrza Ursusa - grupa A"]
[Site "Dom Kultury "Kolorowa" Ursus ul. Sosnkowskiego 16"]
[Date "2011.??.??"]
[Round "5.7"]
[White "Fraczek, Lukasz"]
[Black "Grochulski, Grzegorz"]
[Result "0-1"]
[WhiteElo "1503"]
[BlackElo "2057"]
[WhiteTitle "III"]
[BlackTitle "I"]

1.e4 c5 2.Nf3 d6 3.c3 Nf6 4.Bd3 Nc6 5.O-O Bg4 6.h3 Bh5 7.Bb5 Qb6 8.Qa4 
Bxf3 9.gxf3 a6 10.d4 Qxb5 11.Qxb5 axb5 12.dxc5 dxc5 13.Be3 e5 14.f4 Be7 
15.fxe5 Nxe5 16.f4 Nc4 17.e5 Nxe3 18.exf6 Nxf1 19.fxe7 Ng3 20.Na3 Kxe7 21.
Nxb5 Rad8 22.b4 cxb4 23.cxb4 Ne2+ 24.Kf2 Nxf4 0-1

[Event "IV Turniej Szachowy „Cztery Pory Roku” o Puchar Burmistrza Ursusa - grupa A"]
[Site "Dom Kultury "Kolorowa" Ursus ul. Sosnkowskiego 16"]
[Date "2011.??.??"]
[Round "5.10"]
[White "Powalka, Michal"]
[Black "Lewandrowski, Tomasz"]
[Result "0-1"]
[WhiteElo "1423"]
[BlackElo "1835"]
[WhiteTitle "II"]
[BlackTitle "II+"]

1.e4 d6 2.d4 g6 3.Nc3 Bg7 4.f4 Nf6 5.Bc4 O-O 6.Nf3 c6 7.O-O d5 8.exd5 cxd5
9.Bd3 Nc6 10.h3 Nh5 11.Be3 Ng3 12.Re1 Bf5 13.Bf2 Bxd3 14.Qxd3 Nh5 15.Qd2 
e6 16.g4 Nf6 17.Kh2 h5 18.Rg1 hxg4 19.hxg4 Ne4 20.Nxe4 dxe4 21.Ne5 Nxe5 
22.fxe5 Bxe5+ 23.Kg2 Bg7 24.Rae1 Qd5 25.Be3 f5 26.gxf5 exf5 27.Kf2 f4 28.
Bxf4 Rxf4+ 29.Qxf4 Rf8 0-1

[Event "IV Turniej Szachowy „Cztery Pory Roku” o Puchar Burmistrza Ursusa - grupa A"]
[Site "Dom Kultury "Kolorowa" Ursus ul. Sosnkowskiego 16"]
[Date "2011.??.??"]
[Round "5.11"]
[White "Matuszewski, Maciej"]
[Black "Mincewicz, Tomasz"]
[Result "1/2-1/2"]
[WhiteElo "1632"]
[BlackElo "1386"]
[WhiteTitle "II"]
[BlackTitle "III"]

1.d4 Nf6 2.c4 g6 3.Nf3 Bg7 4.Bg5 d6 5.Nc3 O-O 6.e4 c5 7.d5 Na6 8.a3 Qa5 9.
Bd3 Re8 10.O-O Bg4 11.h3 Bxf3 12.Qxf3 Nd7 13.Bd2 Ne5 14.Qe2 Qd8 15.f4 Nxd3
16.Qxd3 Bd4+ 17.Be3 Bxe3+ 18.Qxe3 Nc7 19.Rae1 e6 20.Qf3 exd5 21.Nxd5 Nxd5 
22.exd5 Qa5 23.Re2 Qa4 24.Rfe1 Qd7 25.Re4 Rxe4 26.Qxe4 Kf8 27.Kf2 a6 28.
Qe3 Re8 29.Qxe8+ Qxe8 30.Rxe8+ Kxe8 31.g4 b5 32.b3 bxc4 33.bxc4 Kd7 34.a4 
Ke7 35.Kf3 f5 1/2-1/2

[Event "IV Turniej Szachowy „Cztery Pory Roku” o Puchar Burmistrza Ursusa - grupa A"]
[Site "Dom Kultury "Kolorowa" Ursus ul. Sosnkowskiego 16"]
[Date "2011.??.??"]
[Round "5.13"]
[White "Mantaev, Ruslan"]
[Black "Rosiak, Tomasz"]
[Result "0-1"]
[WhiteElo "1271"]
[BlackElo "1450"]
[WhiteTitle "III"]
[BlackTitle "II"]

1.e4 c6 2.c4 d5 3.Nc3 dxe4 4.Nxe4 Bf5 5.Qf3 e6 6.Bd3 Bg6 7.Bb1 Nd7 8.Qc3 
Ngf6 9.Nxf6+ Nxf6 10.Bxg6 hxg6 11.d3 a5 12.Bd2 Bd6 13.h3 Bb4 14.Qc2 Bxd2+ 
15.Qxd2 Qc7 16.Ne2 O-O-O 17.Qc2 Rd6 18.O-O-O Kd8 19.Kb1 Ke7 20.Rd2 Rhd8 
21.f3 Ra8 22.Nc3 Nh5 23.Ne4 Rdd8 24.Qc3 Nf6 25.Re1 Qb6 26.Qa3+ Qb4 27.
Qxb4+ axb4 28.Nxf6 gxf6 29.Re4 c5 30.d4 b6 31.d5 f5 32.Re5 Rd6 33.Rde2 Kf6
34.f4 Rad8 35.Rd2 g5 36.g3 gxf4 37.gxf4 Rg8 38.Kc2 Rg3 39.Rd3 Rxd3 40.Kxd3
Rd8 41.Ke2 Ra8 42.Kf2 Rxa2 43.Re2 Ra8 44.d6 Rd8 45.Rd2 Rd7 46.Kg3 Kg6 47.
Kh4 Kh6 48.Rd3 f6 49.Kg3 Kg6 50.Rd1 e5 51.Rd5 e4 52.Rd1 Kf7 53.Rd5 Ke6 54.
h4 Kf7 55.h5 Kg7 56.Kf2 Kh6 57.Ke3 b3 58.Ke2 Kxh5 59.Rxf5+ 0-1

[Event "IV Turniej Szachowy „Cztery Pory Roku” o Puchar Burmistrza Ursusa - grupa A"]
[Site "Dom Kultury "Kolorowa" Ursus ul. Sosnkowskiego 16"]
[Date "2011.??.??"]
[Round "5.15"]
[White "Reda, Lucja"]
[Black "Wrzesinski, Gustaw"]
[Result "1-0"]
[WhiteElo "1304"]
[BlackElo "1342"]
[WhiteTitle "II"]
[BlackTitle "III"]

1.e4 c5 2.Nf3 d6 3.d4 cxd4 4.Nxd4 Nf6 5.Nc3 Nc6 6.Nb3 g6 7.f3 Bg7 8.Be3 
O-O 9.Qd2 Be6 10.Nd5 Rc8 11.Be2 Bd7 12.O-O Nxd5 13.exd5 Ne5 14.c3 Nc4 15.
Bxc4 Rxc4 16.Qe2 Bb5 17.Rfe1 a6 18.Qf2 Rc7 19.Bb6 Qd7 20.Bxc7 Qxc7 21.Qe3 
Re8 22.Qe4 a5 23.Rac1 b6 24.Nd4 Qc4 25.Kh1 Ba6 26.Nc6 Be5 27.Nxe5 dxe5 28.
Qxe5 1-0